| 000 | 00446cam a2200205ua 4500 | ||
|---|---|---|---|
| 020 | _cRs.4.75 | ||
| 041 |
_aeng _h |
||
| 082 |
_a530 _bOUS/PR |
||
| 100 | _aOuseph, C C. | ||
| 245 | _aPre-university physics | ||
| 250 |
_a1 / _b. |
||
| 260 |
_a : _bS.Viswanathan , _c1965. |
||
| 300 | _a453 ; . | ||
| 365 | _aRs.4.75 | ||
| 504 | _a | ||
| 700 | 1 | _aDevassy, C P . | |
| 700 | 1 | _aOuseph, C C . | |
| 942 | _cBK | ||
| 999 |
_c186 _d186 |
||